THE AGE OF AI (Record no. 34434)

MARC details
000 -LEADER
fixed length control field 00277nam a22001337a 4500
003 - CONTROL NUMBER IDENTIFIER
control field SGT
020 ## - INTERNATIONAL STANDARD BOOK NUMBER
International Standard Book Number 9781529375992
082 ## - DEWEY DECIMAL CLASSIFICATION NUMBER
Classification number 006.3
Item number KIS
100 ## - MAIN ENTRY--PERSONAL NAME
Personal name KISSINGER HENRY
245 ## - TITLE STATEMENT
Title THE AGE OF AI
260 ## - PUBLICATION, DISTRIBUTION, ETC. (IMPRINT)
Place of publication, distribution, etc LONDON
Name of publisher, distributor, etc JOHN MURRAY
Year of Publication 2022
300 ## - PAGE DESCRIPTION
No. of Pages 266
942 ## - ADDED ENTRY ELEMENTS (KOHA)
Source of classification or shelving scheme Dewey Decimal Classification
Koha item type Books
Holdings
Withdrawn status Lost status Source of classification or shelving scheme Damaged status Not for loan Collection code Home library Current library Shelving location Date acquired Vendor Name Cost, normal purchase price SGTU Bill Number Total Checkouts Full call number Accession No. (Barcode) Date last seen Bill Date Koha item type
    Dewey Decimal Classification     LAW SGT Science & Social Sciences Library SGT Science & Social Sciences Library Text Book 24/03/2026 ZAFFA BOOKS 599.00 SGTU ZBD0484   006.3 KIS FL4204 24/03/2026 11/03/2026 Books